000 00404pam a2200169 a 4500
020 _a81-216-0021-9
_c
041 _h
082 _a641.5
100 _aSACHDER R
_eAuthor
245 _aTHE TANDOORI & BARBECUE COOK BOOK
_cSACHDER R
_hTextual Documents
250 _a1st
260 _aDELHI
_bHind Pocket Books
300 _a128
653 _aFood Producation
700 _eCo-Author
930 _a5232
999 _c232629
_d232629